Првих 100 женских имена по популарности у Србији - азбучно - Statistics

General Stats
  • This quiz has been taken 23 times
  • The average score is 77 of 99
Answer Stats
Ранг Име % Correct
1 Милица
100%
3 Јована
100%
5 Марија
100%
6 Ана
100%
10 Јелена
100%
12 Тамара
100%
14 Јана
100%
25 Нина
100%
31 Бојана
100%
34 Емилија
100%
42 Сања
100%
43 Лана
100%
49 Ивона
100%
50 Петра
100%
53 Лара
100%
68 Теа
100%
2 Анђела
89%
7 Катарина
89%
8 Сара
89%
9 Ања
89%
16 Анастасија
89%
17 Кристина
89%
19 Софија
89%
20 Ивана
89%
22 Николина
89%
29 Дуња
89%
35 Уна
89%
37 Миа
89%
40 Мила
89%
41 Валентина
89%
47 Даница
89%
54 Хелена
89%
56 Маријана
89%
58 Ирена
89%
63 Ема
89%
84 Снежана
89%
85 Јасмина
89%
87 Оливера
89%
91 Љиљана
89%
4 Теодора
78%
11 Александра
78%
13 Тијана
78%
21 Невена
78%
24 Андреа
78%
28 Елена
78%
30 Маја
78%
33 Тара
78%
36 Вања
78%
38 Наташа
78%
39 Андријана
78%
44 Лена
78%
46 Драгана
78%
48 Милена
78%
51 Сандра
78%
59 Данијела
78%
62 Татјана
78%
64 Зорана
78%
69 Виолета
78%
70 Ирина
78%
74 Соња
78%
75 Леа
78%
76 Симона
78%
77 Тања
78%
79 Душица
78%
90 Дијана
78%
97 Хана
78%
26 Наталија
67%
32 Исидора
67%
45 Марина
67%
52 Анђелија
67%
65 Анита
67%
66 Љубица
67%
67 Миљана
67%
82 Викторија
67%
83 Анђелина
67%
88 Доротеја
67%
92 Дарија
67%
93 Тина
67%
94 Сузана
67%
98 Јелисавета
67%
18 Мина
56%
23 Маша
56%
27 Нађа
56%
55 Марта
56%
60 Ксенија
56%
71 Ленка
56%
72 Миња
56%
81 Лидија
56%
86 Олга
56%
89 Ангелина
56%
95 Елма
56%
96 Дина
56%
99 Милана
56%
100 Ружица
56%
57 Магдалена
44%
61 Сташа
44%
73 Дејана
44%
78 Мирјана
44%
80 Неда
44%
No matching quizzes found
Score Distribution
Percent of People with Each Score
Percentile by Number Answered
Your Score History
You have not taken this quiz